Cifras sobre producción industrial 1972-1981
Պահպանված է:
| Համատեղ հեղինակ: | |
|---|---|
| Ձևաչափ: | Տեքստ |
| Հրապարակվել է: |
San José:
Banco Central de Costa Rica
|
| Ցուցիչներ: |
Ավելացրեք ցուցիչ
Չկան պիտակներ, Եղեք առաջինը, ով նշում է այս գրառումը!
|
MARC
| LEADER | 00000 a a2200000 04500 | ||
|---|---|---|---|
| 001 | 20960 | ||
| 003 | |||
| 040 | |||
| 090 | |a 077200 | ||
| 110 | |a Banco Central de Costa Rica. Departamento de Investigaciones y Estadística. Sección de Cuentas Nacionales | ||
| 245 | |a Cifras sobre producción industrial 1972-1981 | ||
| 260 | |a San José: |b Banco Central de Costa Rica | ||
| 300 | |a 19 p. | ||
| 999 | |c 14722 |d 14722 | ||
